00991nam a2200229 a 4500001001000000003000400010005001700014008003900031040002600070082002400096110007400120245010000194260006700294300002200361590002600383651006500409651008400474910004400558942001400602952012800616999001700744000029848OSt20201218114815.0110426s1940 dr 000 spa d aDO-SdBNPbspacBNPHU  4a327.7293bR426m2222 aRepública Dominicana bSecretaría de Relaciones Exteriores 9251910aMemoria de la Secretaría de Estado de Relaciones Exteriores :bcorrespondiente al año 1940. aCiudad Trujillo, República Dominicana :bLa Nación, c1940 a340 p. ;c28 cm.  aInventariado, 2020/VM 4aRepública Dominicana xRelaciones exteriores 92258y 1940 4aRepública Dominicana xPolitca y gobierno yEra de Trujillo, 1930-1961977631 aVMateo/Validado. Control de calidad MFF 2ddccLBS1 00102ddc51718RVaBNPHUbPDcHDd2020-12-18l0oBNPHU PD-RV 327.7293 R426m 1940p2020-0797r2020-12-18w2020-12-18yLBS1 c29340d29340